Strategic management / (Record no. 14633)
[ view plain ]
| 000 -LEADER | |
|---|---|
| fixed length control field | 00577nam a2200193 a 4500 |
| 003 - CONTROL NUMBER IDENTIFIER | |
| control field | PILC |
| 005 - DATE AND TIME OF LATEST TRANSACTION | |
| control field | 20150112093438.0 |
| 008 - FIXED-LENGTH DATA ELEMENTS--GENERAL INFORMATION | |
| fixed length control field | 100722s19uu xx 00 eng d |
| 020 ## - INTERNATIONAL STANDARD BOOK NUMBER | |
| International Standard Book Number | 9812448985 |
| 050 ## - LIBRARY OF CONGRESS CALL NUMBER | |
| Classification number | HD 30.28 |
| Item number | .D249 2005 |
| 082 ## - DEWEY DECIMAL CLASSIFICATION NUMBER | |
| Classification number | MnSF 658.401 |
| Item number | D28 2003 |
| 100 ## - MAIN ENTRY--PERSONAL NAME | |
| Personal name | David, Fred R. |
| 9 (RLIN) | 16846 |
| 245 ## - TITLE STATEMENT | |
| Title | Strategic management / |
| Statement of responsibility, etc | Fred R. David |
| 250 ## - EDITION STATEMENT | |
| Edition statement | 10th ed . |
| 260 ## - PUBLICATION, DISTRIBUTION, ETC. (IMPRINT) | |
| Place of publication, distribution, etc | Singapore : |
| Name of publisher, distributor, etc | Pearson Education South Asia Pte Ltd, |
| Date of publication, distribution, etc | 2005. |
| 300 ## - PHYSICAL DESCRIPTION | |
| Extent | 461 pages : |
| Other physical details | colored illustration ; |
| Dimensions | 29 cm. |
| 650 ## - SUBJECT ADDED ENTRY--TOPICAL TERM | |
| Topical term or geographic name as entry element | Management strategy |
| 9 (RLIN) | 16728 |
| 942 ## - ADDED ENTRY ELEMENTS (KOHA) | |
| Source of classification or shelving scheme | Library of Congress Classification |
| Koha item type | Books |
| Withdrawn status | Lost status | Source of classification or shelving scheme | Damaged status | Home library | Current library | Shelving location | Date acquired | Total Checkouts | Full call number | Barcode | Date last seen | Copy number | Price effective from | Koha item type | Total Renewals | Date checked out | Source of acquisition | Public note | Sub Shelving location |
|---|---|---|---|---|---|---|---|---|---|---|---|---|---|---|---|---|---|---|---|
| Library of Congress Classification | Southville International School Affiliated with Foreign Universities Library | Southville International School Affiliated with Foreign Universities Library | Southville Foreign University Section | 09/06/2013 | HD 30.28 .D249 2003 | SFU1070 | 05/15/2018 | 1 | 09/06/2013 | Books | |||||||||
| Library of Congress Classification | Southville International School Affiliated with Foreign Universities Library | Southville International School Affiliated with Foreign Universities Library | Southville Foreign University Section | 09/09/2013 | HD 30.28 .D249 2003 | SFU1069 | 05/15/2018 | 2 | 09/09/2013 | Books | |||||||||
| Library of Congress Classification | Southville International School Affiliated with Foreign Universities Library | Southville International School Affiliated with Foreign Universities Library | Southville Foreign University Section | 10/17/2013 | 1 | HD 30.28 .D249 2003 | SFU1490 | 05/15/2018 | 3 | 10/17/2013 | Books | 2 | 07/12/2014 | ||||||
| Library of Congress Classification | Southville International School Affiliated with Foreign Universities Library | Southville International School Affiliated with Foreign Universities Library | Southville Foreign University Section | 10/17/2013 | HD 30.28 .D249 2007 | SFU1593 | 05/15/2018 | 1 | 10/17/2013 | Books | |||||||||
| Withdrawn | Library of Congress Classification | Southville International School Affiliated with Foreign Universities Library | Southville International School Affiliated with Foreign Universities Library | 10/17/2013 | 1 | HD 30.28 .D249 2005 | SFU1489 | 05/15/2018 | 1 | 10/17/2013 | Books | 3 | 07/15/2014 | Donation | Books donated | ||||
| Library of Congress Classification | Southville International School Affiliated with Foreign Universities Library | Southville International School Affiliated with Foreign Universities Library | Southville Foreign University Section | 10/18/2013 | 1 | HD 30.28 .D249 2005 | SFU1641 | 05/15/2018 | 1 | 10/18/2013 | Books | 2 | 07/15/2014 | ||||||
| Library of Congress Classification | Southville International School Affiliated with Foreign Universities Library | Southville International School Affiliated with Foreign Universities Library | Southville Foreign University Section | 06/16/2015 | HD 30.28 .D249 2005 | SFU2073 | 05/15/2018 | 06/16/2015 | Books | Library Fund | |||||||||
| Library of Congress Classification | Southville International School Affiliated with Foreign Universities Library | Southville International School Affiliated with Foreign Universities Library | Southville Foreign University Section | 06/16/2015 | HD 30.28 .D249 2005 | SFU2074 | 05/15/2018 | 06/16/2015 | Books | Library Fund |